| 000 | 00397nam a22001697a 4500 | ||
|---|---|---|---|
| 003 | MACL | ||
| 005 | 20211001161831.0 | ||
| 008 | 211001b |||||||| |||| 00| 0 eng d | ||
| 040 | _cMACL | ||
| 082 | _a657/SIR | ||
| 100 |
_aSirohi,P.K. _981205 |
||
| 245 | _aE-commerce and Taxation | ||
| 260 |
_aNew Delhi _bNisha Publications _c2015 |
||
| 300 | _ap320 | ||
| 650 | _aCommerce | ||
| 942 |
_2ddc _cBK |
||
| 999 |
_c64470 _d64470 |
||